Fantasie ritmiche (Record n. 99157)

Dettagli MARC
000 -LEADER
fixed length control field 01454njm a2200289Ia 4500
001 - CONTROL NUMBER
control field 24328
003 - CONTROL NUMBER IDENTIFIER
control field IT-RoPAU
005 - DATE AND TIME OF LATEST TRANSACTION
control field 20220918181113.0
008 - FIXED-LENGTH DATA ELEMENTS--GENERAL INFORMATION
fixed length control field 131025s9999 xx 000 0 und d
040 ## - CATALOGING SOURCE
Original cataloging agency IT-RoPAU
040 ## - CATALOGING SOURCE
Transcribing agency IT-RoPAU
999 ## - SYSTEM CONTROL NUMBERS (KOHA)
Koha Dewey Subclass [OBSOLETE] n.d.
100 ## - MAIN ENTRY--PERSONAL NAME
Personal name AA.VV.
9 (RLIN) 794
100 ## - MAIN ENTRY--PERSONAL NAME
Relator term Autore musica
9 (RLIN) 10229
100 ## - MAIN ENTRY--PERSONAL NAME
Miscellaneous information Codice autore musica SPICS: 12000
9 (RLIN) 796
245 ## - TITLE STATEMENT
Title Fantasie ritmiche
250 ## - EDITION STATEMENT
Edition statement 1a ed.
260 ## - PUBLICATION, DISTRIBUTION, ETC. (IMPRINT)
Place of publication, distribution, etc. TORINO
260 ## - PUBLICATION, DISTRIBUTION, ETC. (IMPRINT)
Name of publisher, distributor, etc. FONIT CETRA
Date of publication, distribution, etc. 1980 [1a Ed.:1980 - Ed. Lingua Orig.: 1980]
300 ## - PHYSICAL DESCRIPTION
Extent DISCO
500 ## - GENERAL NOTE
General note Musica strumentale
505 ## - FORMATTED CONTENTS NOTE
Formatted contents note Splende la Luna - Il fiume senza ritorno - Moonglow - Per l'eternità - Ain't She Sweet - A String of Pearls - O Baby Kiss Me - Pennsylvania 6-5000 - Chella'lla - Tuxedo Junction - Perché tu non Vuoi - Johnny Guitar - Vogliamoci tanto bene - Souvenir d'Italie - Quei poveri parigini - Ufemia - Lisboa antigua - Solo un po' d'amore - Lucianella - Arriva la corriera - Fascination - Fontana di Trevi - Croce di Orao - Te amo - Domani - Buongiorno Katrin - Que serà serà - Gli uomini del far west - Romantico valzer - Mi brucia il cuor - Quant'è buono il bacio con le pere - L'amore è una cosa meravigliosa
650 ## - SUBJECT ADDED ENTRY--TOPICAL TERM
Topical term or geographic name as entry element STRUMENTALE [DISCHI]
Relator term Codice MATERIA SPICS: 9950
9 (RLIN) 828
700 ## - ADDED ENTRY--PERSONAL NAME
Personal name Semprini Alberto
Relator term Inteprete
Miscellaneous information Codice interprete SPICS: 8195
9 (RLIN) 10230
700 ## - ADDED ENTRY--PERSONAL NAME
Personal name Semprini Alberto
Miscellaneous information Codice autore SPICS: 8195
Relator term Autore
9 (RLIN) 10231
942 ## - ADDED ENTRY ELEMENTS (KOHA)
Koha item type DISCHI
Source of classification or shelving scheme Dewey Decimal Classification
Dati di copia
Withdrawn status Lost status Damaged status Not for loan Home library Current library Date acquired Total Checkouts Full call number Date last seen Price effective from Koha item type Public note
    Buone Condizioni Not For Loan SPICS-MEDIATECA SPICS-MEDIATECA 25/10/2013   24328 25/10/2013 25/10/2013 DISCHI Progr. Ins.: 5173 / N.Vol.: 1 / Copie: 1 - Copia rara: n.d. / date import: 01.01.2014 - By Epidotti, Trombetti, Vaglietti
CREDITS: SOCIETA' SAN PAOLO Via A.Severo, 58 - ROMA (RM) & PERIODICI SAN PAOLO SRL Via Giotto, 36 MILANO & CISF Via Giotto, 36 MILANO & EDIZIONI SAN PAOLO SRL,  Piazza Soncino, 5 CINISELLO BALSAMO (MI) -- ITALY